| 000 | 00632nam a2200205 a 4500 | ||
|---|---|---|---|
| 001 | 000012496 | ||
| 005 | 20240412074233.0 | ||
| 008 | 091113t2002 dr r 000 j spa d | ||
| 020 | _a9993403032 | ||
| 040 |
_aDO-SdBNP _bspa _cBNPHU |
||
| 082 |
_aRD863.44 _bM385s |
||
| 100 | 1 |
_aMartínez Montero, Juan _912225 |
|
| 245 | 1 | 0 |
_aSiete cuentos, una noche y un día / _cJuan Martínez Montero. |
| 260 |
_aSanto Domingo, : _bCocolo, _c2002. |
||
| 300 |
_a76 p. ; _c22 cm. |
||
| 590 | _aInventariado, 2020/BT | ||
| 650 | 0 |
_aCuentos dominicanos _9176 |
|
| 650 | 0 |
_aLiteratura dominicana. _967 |
|
| 910 | _aValidado. Control de calidad EMS | ||
| 999 |
_c12151 _d12151 |
||